| 000 | 00690nam a2200241Ia 4500 | ||
|---|---|---|---|
| 003 | OSt | ||
| 005 | 20220918221639.0 | ||
| 006 | a|||||r|||| 00| 0 | ||
| 007 | ta | ||
| 008 | 220917b |||||||| |||| 00| 0 eng d | ||
| 024 | _a202,351 | ||
| 037 | _cTextual | ||
| 040 |
_aARTS _cARTS _beng |
||
| 041 |
_2eng _aeng |
||
| 082 | _aV58.N74, P1 | ||
| 100 |
_aMarkwick Roger D. _9141088 |
||
| 245 | 0 |
_aRewriting history in Soviet Russia _b The politics of revisionist historiography 1956-1974 |
|
| 260 |
_aHoundsmill _bPalgrave _c2002 |
||
| 300 |
_axx, 327 p _ccm. |
||
| 650 | _aHISTORY | ||
| 942 |
_hV58.N74, P1 _cTEXL _2CC |
||
| 999 |
_c273240 _d273240 |
||